Marriage, family and kinship (GEC3)/ (Record no. 11856)

MARC details
000 -LEADER
fixed length control field 00676nam a22002297a 4500
005 - DATE AND TIME OF LATEST TRANSACTION
control field 20260515115026.0
008 - FIXED-LENGTH DATA ELEMENTS--GENERAL INFORMATION
fixed length control field 240822b |||||||| |||| 00| 0 eng d
020 ## - INTERNATIONAL STANDARD BOOK NUMBER
International Standard Book Number 9789358491906
040 ## - CATALOGING SOURCE
Original cataloging agency IN-DiNC
Transcribing agency IN-DiNC
041 ## - LANGUAGE CODE
Language code of sung or spoken text eng
082 ## - DEWEY DECIMAL CLASSIFICATION NUMBER
Classification number 306.83
Item number PAT
100 ## - MAIN ENTRY--PERSONAL NAME
Personal name Pathak, Panchi
Relator term author
245 ## - TITLE STATEMENT
Title Marriage, family and kinship (GEC3)/
Statement of responsibility, etc. by Panchi Pathak, Moushumi Bordoloi and Dilip Kumar Bhuyan
250 ## - EDITION STATEMENT
Edition statement 1st ed.
260 ## - PUBLICATION, DISTRIBUTION, ETC.
Place of publication, distribution, etc. Dibrugarh:
Name of publisher, distributor, etc. Banalata,
Date of publication, distribution, etc. 2024.
300 ## - PHYSICAL DESCRIPTION
Extent 192p.
650 ## - SUBJECT ADDED ENTRY--TOPICAL TERM
Topical term or geographic name entry element Family and household
650 ## - SUBJECT ADDED ENTRY--TOPICAL TERM
Topical term or geographic name entry element Descent and alliance
700 ## - ADDED ENTRY--PERSONAL NAME
Personal name Bordoloi, Moushumi
Relator term author
700 ## - ADDED ENTRY--PERSONAL NAME
Personal name Bhuyan, Dilip Kumar
Relator term author
942 ## - ADDED ENTRY ELEMENTS (KOHA)
Source of classification or shelving scheme Dewey Decimal Classification
Koha item type Books
Holdings
Withdrawn status Lost status Source of classification or shelving scheme Damaged status Not for loan Collection Home library Current library Shelving location Date acquired Cost, normal purchase price Total checkouts Full call number Barcode Date last seen Date last checked out Copy number Price effective from Koha item type
    Dewey Decimal Classification       Naharkatiya College Library Naharkatiya College Library General stacks 08/22/2024 270.00 10 306.83 PAT 30060 11/26/2025 11/10/2025 1 08/22/2024 Books
    Dewey Decimal Classification       Naharkatiya College Library Naharkatiya College Library General stacks 08/22/2024 270.00 8 306.83 PAT 30061 11/11/2025 11/04/2025 2 08/22/2024 Books
    Dewey Decimal Classification       Naharkatiya College Library Naharkatiya College Library General stacks 08/22/2024 270.00 2 306.83 PAT 30062 10/01/2024 09/12/2024 3 08/22/2024 Books
    Dewey Decimal Classification       Naharkatiya College Library Naharkatiya College Library General stacks 09/01/2025 270.00 2 306.83 PAT 31003 11/12/2025 11/04/2025 4 09/01/2025 Books
    Dewey Decimal Classification       Naharkatiya College Library Naharkatiya College Library General stacks 09/01/2025 270.00 1 306.83 PAT 31004 11/27/2025 10/31/2025 5 09/01/2025 Books